000 01488nam a2200265Ia 4500
003 OSt
005 20220930094817.0
006 a|||||r|||| 00| 0
007 ta
008 220926b |||||||| |||| 00| 0 hin d
024 _a19664
037 _cTheses
040 _aCRL
_cCRL
_bhin
041 _2hin
_ahin
100 _aशर्मा, जया
110 _aदिल्ली विश्वविद्यालय. कला संकाय. हिन्दी विभाग
245 0 _aस्त्री की बदलती छवियाँ
_b प्रवासी हिन्दी साहित्य, फिल्मेां और समाज के आइन्र में (अमेरिका और ब्रिटेन के दक्षिण एशियाई समाज के विशेष संदर्भ में)
246 _aStrī kī badalatī chhaviyāँ: pravāsī hindī sāhitya, filmeāan aur samāj ke āinra mean (amerikā aur briṭen ke dakṣhiṇ eshiyāī samāj ke visheṣh sandarbha mean)
260 _c2013
650 _aहिन्दी साहित्य
700 _a डॉ. कुमुद शर्मा, गा.
_9556346
700 _aदिल्ली विश्वविद्यालय. कला संकाय. हिन्दी विभाग
942 _cDIS
_2CC
999 _c887712
_d887712